|
|
|
|
| LEADER |
01527nam a2200301 a 4500 |
| 001 |
12884535 |
| 008 |
100510s2003 njua b 001 0 eng d |
| 010 |
|
|
|a 2002030725
|
| 020 |
|
|
|a 0130384747
|
| 020 |
|
|
|a 8120323696
|
| 040 |
|
|
|a DLC
|c DLC
|d DLC
|d BD-DhAAL
|
| 082 |
0 |
0 |
|a 005.13/3
|2 21
|
| 100 |
1 |
|
|a Deitel, Harvey M.,
|d 1945-
|
| 245 |
1 |
0 |
|a C++ how to program /
|c H.M. Deitel, P.J. Deitel.
|
| 250 |
|
|
|a 4th ed.
|
| 260 |
|
|
|a Upper Saddle River, N.J. ;
|a New Delhi :
|b Prentice Hall,
|c c2003.
|
| 300 |
|
|
|a LVII, 1321 p. :
|b col. ill. ;
|c 23 cm.+
|e 1 CD-ROM (4 3/4 in.)
|
| 490 |
0 |
|
|a How to program series
|
| 504 |
|
|
|a Includes bibliographical references (p. [1275]-1280) and index.
|
| 541 |
1 |
|
|e 00010874
|
| 650 |
|
0 |
|a C++ (Computer program language)
|
| 700 |
1 |
|
|a Deitel, Paul J.
|
| 852 |
4 |
|
|a Ayesha Abed Library
|j General shelf
|
| 999 |
|
|
|c 9527
|d 9527
|
| 952 |
|
|
|0 0
|1 0
|2 ddc
|4 0
|6 005_133000000000000_DEI_2003
|7 0
|9 12004
|a BRACUL
|b BRACUL
|c GEN
|d 2010-09-22
|l 9
|m 53
|o 005.133 DEI
|p 3010010874
|q 2025-10-21
|r 2025-02-23
|s 2025-02-23
|t 1
|w 2010-09-22
|y BK
|
| 952 |
|
|
|0 0
|1 0
|2 ddc
|4 0
|6 005_133000000000000_DEI_2003
|7 0
|9 12005
|a BRACUL
|b BRACUL
|c GEN
|d 2010-09-22
|l 9
|m 97
|o 005.133 DEI
|p 3010010875
|r 2023-02-06
|s 2022-06-20
|t 2
|w 2010-09-22
|y BK
|
| 952 |
|
|
|0 0
|1 0
|2 ddc
|4 0
|6 005_133000000000000_DEI_2003
|7 0
|9 12007
|a BRACUL
|b BRACUL
|c AV
|d 2010-09-23
|l 0
|o 005.133 DEI
|p 4010010875
|r 2010-09-23
|t 1
|w 2010-09-23
|y AV
|
| 952 |
|
|
|0 0
|1 0
|2 ddc
|4 0
|6 005_133000000000000_DEI_2003
|7 0
|9 12011
|a BRACUL
|b BRACUL
|c AV
|d 2010-09-23
|l 0
|o 005.133 DEI
|p 4010010874
|r 2010-09-23
|t 1
|w 2010-09-23
|y AV
|